00338nam a2200121Ia 45000010005000000080041000050820028000461000034000742450036001082600030001449010027001749990015002012402241024s9999 xx 000 0 und d aRD/370.97293/R426r/2012 aRepública Dominicana.MINERD 0aDirección de Recursos Humanos bSanto Domingo, s.n.c2012 a22/8/2012 4:21:00 p.m. c8974d8974